[Event "Titled Tuesday intern op 03rd Sep Early"]
[Site "Chess.com INT"]
[Date "2024.09.03"]
[Round "4"]
[White "Manukyan, Sargis V"]
[Black "Williams, Simon Kim"]
[Result "1-0"]
[WhiteElo "2253"]
[BlackElo "2442"]
[PlyCount "73"]
[EventDate "2024.09.03"]
[EventType "swiss (blitz)"]
[EventRounds "11"]
[EventCountry "USA"]
[SourceTitle "EXT 2025"]
[Source "ChessBase"]
[SourceDate "2024.10.14"]
[SourceVersion "1"]
[SourceVersionDate "2024.10.14"]
[SourceQuality "1"]

1. d4 e6 2. c4 b6 3. Nc3 Bb4 4. Bd2 Bb7 5. Nf3 f5 6. a3 Bxc3 7. Bxc3 Nf6 8. b4 Ne4 9. Bb2 0-0 10. Qc2 d6 11. g3 Nd7 12. Bg2 Qe8 13. Nd2 Ndf6 14. f3 Nxd2 15. Qxd2 e5 16. dxe5 dxe5 17. 0-0 Qe6 18. Qc3 Rae8 19. e3 h5 20. Rad1 h4 21. Bh3 hxg3 22. hxg3 Nh5 23. Kf2 Qg6 24. Rg1 Nf6 25. Qc2 Ng4+ 26. Bxg4 e4 27. Bh3 exf3 28. Rd7 Rf7 29. Rxf7 Qxf7 30. Bxf5 Qe7 31. Qc3 Rd8 32. Rh1 Rd6 33. Bh7+ Kf8 34. Bf5 Kg8 35. c5 bxc5 36. bxc5 Rd5 37. Be6+ 1-0

[Event "Titled Tuesday intern op 03rd Sep Early"]
[Site "Chess.com INT"]
[Date "2024.09.03"]
[Round "3"]
[White "Medina Paz, Miguel"]
[Black "Manukyan, Sargis V"]
[Result "0-1"]
[WhiteElo "2368"]
[BlackElo "2253"]
[PlyCount "123"]
[EventDate "2024.09.03"]
[EventType "swiss (blitz)"]
[EventRounds "11"]
[EventCountry "USA"]
[SourceTitle "EXT 2025"]
[Source "ChessBase"]
[SourceDate "2024.10.14"]
[SourceVersion "1"]
[SourceVersionDate "2024.10.14"]
[SourceQuality "1"]

1. d4 Nf6 2. c4 g6 3. Nc3 Bg7 4. e4 d6 5. Bg5 0-0 6. Qd2 Nc6 7. Nf3 Bg4 8. Be2 Bxf3 9. Bxf3 Nd7 10. Ne2 Nb6 11. Rc1 Qd7 12. 0-0 e5 13. c5 dxc5 14. dxc5 Qxd2 15. Bxd2 Nd7 16. b4 a6 17. Rfd1 Rad8 18. a4 Nd4 19. Nxd4 exd4 20. Be2 Ne5 21. f4 d3 22. Bf1 Ng4 23. Bc3 d2 24. Rc2 Ne3 25. Rdxd2 Rxd2 26. Rxd2 Bxc3 27. Rd7 Bxb4 28. Rxc7 Nxf1 29. Kxf1 a5 30. Ke2 Rd8 31. e5 Rd2+ 32. Kf3 Rc2 33. Rxb7 Rxc5 34. Kg4 Rc2 35. g3 Rxh2 36. Kg5 Rg2 37. Kf6 Rxg3 38. Rxf7 Rf3 39. Ke6 Bd2 40. Ra7 Rxf4 41. Kd6 Re4 42. e6 Bb4+ 43. Kd5 Re1 44. Rb7 g5 45. Rd7 g4 46. Rf7 g3 47. Rf3 Rd1+ 48. Kc4 Bd6 49. e7 Re1 50. Kd5 Bxe7 51. Rxg3+ Kf7 52. Rf3+ Bf6 53. Rf5 Re5+ 54. Rxe5 Bxe5 55. Kxe5 Kg6 56. Kf4 Kf6 57. Kg4 Ke5 58. Kh5 Kd4 59. Kh6 Kc4 60. Kxh7 Kb4 61. Kg6 Kxa4 62. Kf5 0-1

[Event "Titled Tuesday intern op 19th Mar Early"]
[Site "Chess.com INT"]
[Date "2024.03.19"]
[Round "3"]
[White "Domingo Nunez, Ruben"]
[Black "Manukyan, Sargis V"]
[Result "1-0"]
[WhiteElo "2441"]
[BlackElo "2253"]
[PlyCount "51"]
[EventDate "2024.03.19"]
[EventType "swiss (blitz)"]
[EventRounds "11"]
[EventCountry "USA"]
[SourceTitle "EXT 2025"]
[Source "ChessBase"]
[SourceDate "2024.10.14"]
[SourceVersion "1"]
[SourceVersionDate "2024.10.14"]
[SourceQuality "1"]

1. Nc3 c5 2. Nf3 Nf6 3. d4 cxd4 4. Qxd4 Nc6 5. Qh4 e6 6. Bg5 Be7 7. 0-0-0 h6 8. e4 Rh7 9. Bd2 d5 10. exd5 Nxd5 11. Qe4 f5 12. Qe1 Bf6 13. Bc4 Nce7 14. Nxd5 Nxd5 15. Ba5 Qe7 16. Bxd5 exd5 17. Qd2 Bg5 18. Nxg5 Qxg5 19. Rhe1+ Kf7 20. f4 Qf6 21. Qxd5+ Kg6 22. Rd3 Rh8 23. Bc3 Qh4 24. Rg3+ Kh5 25. Qf7+ g6 26. Qxg6# 1-0

[Event "Titled Tuesday intern op 27th Feb Early"]
[Site "Chess.com INT"]
[Date "2024.02.27"]
[Round "7"]
[White "Dobrikov, Marco"]
[Black "Manukyan, Sargis V"]
[Result "0-1"]
[WhiteElo "2248"]
[BlackElo "2253"]
[PlyCount "134"]
[EventDate "2024.02.27"]
[EventType "swiss (blitz)"]
[EventRounds "11"]
[EventCountry "USA"]
[SourceTitle "EXT 2025"]
[Source "ChessBase"]
[SourceDate "2024.10.14"]
[SourceVersion "1"]
[SourceVersionDate "2024.10.14"]
[SourceQuality "1"]

1. Nf3 Nf6 2. g3 b5 3. Bg2 Bb7 4. a4 a6 5. axb5 axb5 6. Rxa8 Bxa8 7. 0-0 e6 8. b3 Be7 9. Bb2 0-0 10. Na3 Bxf3 11. Bxf3 c6 12. c4 Qa5 13. Nc2 Qa2 14. Bxf6 Bxf6 15. cxb5 cxb5 16. Ne3 Rc8 17. d4 Nc6 18. d5 Nd4 19. dxe6 dxe6 20. Ng4 Nxb3 21. Qd7 Qc2 22. Nxf6+ gxf6 23. Qxb5 Nd4 24. Qh5 Qg6 25. Qh4 Rc4 26. Qh3 Rc2 27. Bh5 Nxe2+ 28. Bxe2 Rxe2 29. Ra1 Kg7 30. Qh4 Rb2 31. Ra4 f5 32. Ra7 Qf6 33. Qh5 Rb4 34. Kg2 Rg4 35. h3 Rg6 36. Qf3 Qe5 37. Kh2 Qe4 38. Qc3+ e5 39. Qb3 Rf6 40. h4 f4 41. h5 fxg3+ 42. Qxg3+ Kh6 43. Ra3 Qf4 44. Re3 Qxg3+ 45. fxg3 Rf5 46. g4 Rf4 47. Kg3 f6 48. Kh3 Kg5 49. Rg3 e4 50. Rg2 Rf3+ 51. Kh2 Kf4 52. h6 e3 53. Rg1 Rf2+ 54. Kh3 Kf3 55. Ra1 e2 56. Kh4 Kg2 57. g5 fxg5+ 58. Kxg5 Rf1 59. Ra2 Kf2 60. Kf6 Rg1 61. Rb2 Rg6+ 62. Kf7 Rxh6 63. Kg7 Rh3 64. Rb3 Rxb3 65. Kh6 Rg3 66. Kh5 e1Q 67. Kh6 Qh1# 0-1

[Event "Titled Tuesday intern op 16th Jan Early"]
[Site "Chess.com INT"]
[Date "2024.01.16"]
[Round "1"]
[White "Manukyan, Sargis V"]
[Black "Pichot, Alan"]
[Result "0-1"]
[WhiteElo "2253"]
[BlackElo "2644"]
[PlyCount "118"]
[EventDate "2024.01.16"]
[EventType "swiss (blitz)"]
[EventRounds "11"]
[EventCountry "USA"]
[SourceTitle "CBM 218 Extra"]
[Source "ChessBase"]
[SourceDate "2024.03.31"]
[SourceVersion "1"]
[SourceVersionDate "2024.03.31"]
[SourceQuality "1"]

1. d4 Nf6 2. Nf3 e6 3. c4 d5 4. Nc3 c6 5. g3 dxc4 6. Bg2 b5 7. 0-0 a6 8. e4 Nbd7 9. e5 Nd5 10. Ne4 c5 11. Bg5 Qb6 12. Re1 Bb7 13. a4 h6 14. Bc1 Be7 15. axb5 axb5 16. Rxa8+ Bxa8 17. h4 0-0 18. dxc5 Nxc5 19. Nxc5 Bxc5 20. Qe2 Nb4 21. Be3 Nd3 22. Bxc5 Qxc5 23. Rf1 Bxf3 24. Bxf3 Qxe5 25. Qd2 Qxb2 26. Qe3 Qe5 27. Qb6 Qc5 28. Qb7 c3 29. Be4 c2 30. Bxd3 c1Q 31. Rxc1 Qxc1+ 32. Kg2 Qc8 33. Qxb5 Qa8+ 34. Kh2 Qd5 35. Qb1 Rd8 36. Be4 Qc5 37. Qb2 Qd4 38. Qe2 Rb8 39. Kg2 Rb2 40. Qf3 f5 41. Bc6 g5 42. hxg5 hxg5 43. g4 Qxg4+ 44. Qxg4 fxg4 45. Bd7 Kf7 46. Kg3 Kf6 47. Bc6 Kf5 48. Ba4 Ra2 49. Bd1 Ra3+ 50. Kg2 Kf4 51. Be2 g3 52. fxg3+ Rxg3+ 53. Kf2 Ra3 54. Bf3 e5 55. Be2 g4 56. Kf1 g3 57. Kg2 Ra2 58. Kh3 Rxe2 59. Kh4 Rh2# 0-1

[Event "Titled Tuesday intern op 02nd Jan Early"]
[Site "Chess.com INT"]
[Date "2024.01.02"]
[Round "4"]
[White "Bordi, Kevin Claude"]
[Black "Manukyan, Sargis V"]
[Result "1-0"]
[WhiteElo "2288"]
[BlackElo "2253"]
[PlyCount "75"]
[EventDate "2024.01.02"]
[EventType "swiss (blitz)"]
[EventRounds "11"]
[EventCountry "USA"]
[SourceTitle "EXT 2025"]
[Source "ChessBase"]
[SourceDate "2024.10.14"]
[SourceVersion "1"]
[SourceVersionDate "2024.10.14"]
[SourceQuality "1"]

1. d4 c5 2. c3 g6 3. Nf3 Bg7 4. Bf4 Nf6 5. e3 0-0 6. h3 d6 7. Be2 b6 8. 0-0 Bb7 9. a4 a6 10. Nbd2 Nbd7 11. Qb3 Ra7 12. Rfe1 Qa8 13. Bf1 Ne4 14. Nxe4 Bxe4 15. Nd2 Bd5 16. Qc2 cxd4 17. exd4 Re8 18. Re3 Bc6 19. Rae1 Nf6 20. Bg3 b5 21. axb5 axb5 22. Qb3 Bd5 23. Qxb5 Rb8 24. Qd3 Rxb2 25. Rxe7 Raa2 26. Nc4 Rc2 27. Nxd6 Bf8 28. R7e2 Rxe2 29. Rxe2 Bxd6 30. Rxa2 Qxa2 31. Bxd6 Qa1 32. c4 Be4 33. Qb3 Kg7 34. Be5 Qd1 35. Qb6 Bd3 36. Qxf6+ Kh6 37. Bf4+ Kh5 38. Qg5# 1-0

[Event "Titled Tuesday intern op 02nd Jan Early"]
[Site "Chess.com INT"]
[Date "2024.01.02"]
[Round "1"]
[White "Manukyan, Sargis V"]
[Black "Djordjevic, Dejan N"]
[Result "1-0"]
[WhiteElo "2253"]
[BlackElo "2126"]
[PlyCount "63"]
[EventDate "2024.01.02"]
[EventType "swiss (blitz)"]
[EventRounds "11"]
[EventCountry "USA"]
[SourceTitle "EXT 2025"]
[Source "ChessBase"]
[SourceDate "2024.10.14"]
[SourceVersion "1"]
[SourceVersionDate "2024.10.14"]
[SourceQuality "1"]

1. d4 Nf6 2. Nf3 g6 3. c4 Bg7 4. Nc3 d6 5. e4 0-0 6. Be2 Nc6 7. 0-0 e5 8. d5 Ne7 9. Ne1 Ne8 10. Nd3 h6 11. Bd2 f5 12. Qc2 f4 13. h3 g5 14. f3 Nf6 15. c5 Rf7 16. cxd6 cxd6 17. Rfc1 h5 18. Nf2 Ng6 19. Nb5 Ne8 20. a4 a6 21. Na3 Bf8 22. Nc4 b6 23. a5 b5 24. Nb6 Rc7 25. Nxa8 Rxc2 26. Rxc2 g4 27. Nb6 Bd7 28. Nxd7 Qxd7 29. fxg4 hxg4 30. Bxg4 Qe7 31. Rac1 Nh4 32. Rc8 1-0

[Event "Titled Tuesday intern op 26th Dec Early"]
[Site "Chess.com INT"]
[Date "2023.12.26"]
[Round "10"]
[White "Ma, Qun"]
[Black "Manukyan, Sargis V"]
[Result "1-0"]
[WhiteElo "2653"]
[BlackElo "2253"]
[PlyCount "115"]
[EventDate "2023.12.26"]
[EventType "swiss (blitz)"]
[EventRounds "11"]
[EventCountry "USA"]
[SourceTitle "EXT 2025"]
[Source "ChessBase"]
[SourceDate "2024.10.14"]
[SourceVersion "1"]
[SourceVersionDate "2024.10.14"]
[SourceQuality "1"]

1. e4 e6 2. d4 d5 3. Nc3 Bb4 4. e5 c5 5. a3 Bxc3+ 6. bxc3 Ne7 7. h4 h6 8. h5 Qc7 9. Nf3 b6 10. Bd3 Ba6 11. Bxa6 Nxa6 12. 0-0 cxd4 13. cxd4 Rc8 14. Ra2 Qc4 15. Rb2 Nc7 16. Rb4 Qc6 17. Qd3 0-0 18. a4 a5 19. Rb1 Qxa4 20. Ba3 Rfe8 21. Rxb6 Na8 22. Rb7 Nc6 23. Bc5 Nb4 24. Qd2 Qxc2 25. Qf4 Rc7 26. Rxc7 Nxc7 27. Bxb4 axb4 28. Rc1 Qe4 29. Qd2 Rb8 30. Rxc7 b3 31. Qb2 Qd3 32. Rc1 Ra8 33. Rb1 Rb8 34. Nd2 Qe2 35. Qc3 Qxh5 36. Nf3 Qf5 37. Rxb3 Ra8 38. Qc1 Qe4 39. Rc3 Kh7 40. Kh2 Ra2 41. Qe3 Qf5 42. Rc1 Rb2 43. Rd1 Qg4 44. Kg1 Ra2 45. Qd3+ g6 46. Rc1 h5 47. Rc7 Kg7 48. Qe3 Ra1+ 49. Rc1 Rxc1+ 50. Qxc1 Qe4 51. Qe3 Qg4 52. Qg5 Qe4 53. Qf6+ Kg8 54. Kh2 Qb1 55. Ng5 Qb7 56. Qd8+ Kg7 57. Qf6+ Kg8 58. Nh3 1-0

[Event "Titled Tuesday intern op 26th Dec Early"]
[Site "Chess.com INT"]
[Date "2023.12.26"]
[Round "8"]
[White "Manukyan, Sargis V"]
[Black "Banzea, Alexandru Bogdan"]
[Result "1-0"]
[WhiteElo "2253"]
[BlackElo "2394"]
[PlyCount "37"]
[EventDate "2023.12.26"]
[EventType "swiss (blitz)"]
[EventRounds "11"]
[EventCountry "USA"]
[SourceTitle "EXT 2025"]
[Source "ChessBase"]
[SourceDate "2024.10.14"]
[SourceVersion "1"]
[SourceVersionDate "2024.10.14"]
[SourceQuality "1"]

1. d4 Nf6 2. c4 g6 3. Nc3 Bg7 4. e4 d6 5. Nf3 0-0 6. Be2 Qe8 7. 0-0 e5 8. Re1 exd4 9. Nxd4 Nxe4 10. Nd5 Qd8 11. Bf3 Nf6 12. Bg5 c6 13. Ne7+ Kh8 14. Qd2 Na6 15. Qf4 Nc5 16. Bxf6 Nd3 17. Qh4 Qa5 18. Re3 Nxb2 19. Qh6 1-0

[Event "Titled Tuesday intern op 26th Dec Early"]
[Site "Chess.com INT"]
[Date "2023.12.26"]
[Round "1"]
[White "Manukyan, Sargis V"]
[Black "Donchenko, Alexander"]
[Result "0-1"]
[WhiteElo "2253"]
[BlackElo "2634"]
[PlyCount "93"]
[EventDate "2023.12.26"]
[EventType "swiss (blitz)"]
[EventRounds "11"]
[EventCountry "USA"]
[SourceTitle "EXT 2025"]
[Source "ChessBase"]
[SourceDate "2024.10.14"]
[SourceVersion "1"]
[SourceVersionDate "2024.10.14"]
[SourceQuality "1"]

1. d4 Nf6 2. c4 e6 3. Nc3 Bb4 4. Nf3 b6 5. Bd2 Bb7 6. e3 Bxc3 7. Bxc3 Ne4 8. Qc2 0-0 9. Bd3 Nxc3 10. Qxc3 f5 11. 0-0 d6 12. Rfe1 Bxf3 13. gxf3 Nd7 14. Kh1 Qh4 15. Qd2 e5 16. dxe5 Nxe5 17. Bxf5 Kh8 18. Qd5 Rae8 19. Be4 Qxf2 20. f4 Ng4 21. Bg2 Rxe3 22. Rxe3 Qxe3 23. Qf3 Qxf3 24. Bxf3 Rxf4 25. Bxg4 Rxg4 26. b3 Kg8 27. Re1 Kf7 28. Re2 a5 29. h3 Rg6 30. Kh2 h6 31. h4 Rg4 32. Kh3 h5 33. Rf2+ Ke6 34. Rd2 g5 35. hxg5 Rxg5 36. Kh4 Re5 37. Rg2 Kd7 38. Rg7+ Kc6 39. Rg2 Kc5 40. Rf2 Kb4 41. Rf7 Rc5 42. Rf2 Ka3 43. Rg2 a4 44. bxa4 Kxa4 45. Rc2 Kb4 46. Rb2+ Kxc4 47. Rg2 0-1

[Event "Titled Tuesday intern op 26th Dec Early"]
[Site "Chess.com INT"]
[Date "2023.12.26"]
[Round "6"]
[White "Manukyan, Sargis V"]
[Black "Javakhadze, Zurab"]
[Result "0-1"]
[WhiteElo "2253"]
[BlackElo "2440"]
[PlyCount "56"]
[EventDate "2023.12.26"]
[EventType "swiss (blitz)"]
[EventRounds "11"]
[EventCountry "USA"]
[SourceTitle "EXT 2025"]
[Source "ChessBase"]
[SourceDate "2024.10.14"]
[SourceVersion "1"]
[SourceVersionDate "2024.10.14"]
[SourceQuality "1"]

1. d4 Nf6 2. c4 e6 3. Nc3 Bb4 4. e3 0-0 5. Nge2 Re8 6. a3 Bf8 7. e4 d6 8. Ng3 e5 9. d5 c6 10. Be2 cxd5 11. cxd5 g6 12. 0-0 h5 13. Bg5 Be7 14. h4 Nh7 15. f4 exf4 16. Bxe7 Qxe7 17. Rxf4 Nd7 18. Qd2 Ne5 19. Raf1 Rf8 20. Nb5 Bg4 21. Bxg4 Nxg4 22. Rxg4 hxg4 23. Qh6 Qe5 24. Rf4 a6 25. Nc3 Qg7 26. Qxg7+ Kxg7 27. Rxg4 Nf6 28. Rf4 Rfe8 0-1

[Event "Titled Tuesday intern op 26th Dec Early"]
[Site "Chess.com INT"]
[Date "2023.12.26"]
[Round "11"]
[White "Manukyan, Sargis V"]
[Black "Porozhniak, Maya"]
[Result "1-0"]
[WhiteElo "2253"]
[BlackElo "1856"]
[PlyCount "53"]
[EventDate "2023.12.26"]
[EventType "swiss (blitz)"]
[EventRounds "11"]
[EventCountry "USA"]
[SourceTitle "EXT 2025"]
[Source "ChessBase"]
[SourceDate "2024.10.14"]
[SourceVersion "1"]
[SourceVersionDate "2024.10.14"]
[SourceQuality "1"]

1. c4 e5 2. Nc3 f5 3. g3 Nf6 4. Bg2 Bb4 5. Nd5 Nxd5 6. cxd5 0-0 7. Nf3 d6 8. 0-0 f4 9. d4 fxg3 10. hxg3 exd4 11. Nxd4 Qf6 12. Ne6 Rf7 13. Bg5 Qxb2 14. Rb1 Qa3 15. Qc2 Na6 16. Be4 h6 17. Bh7+ Kh8 18. Qg6 Bxe6 19. dxe6 Rff8 20. e7 Rfe8 21. Rb3 Qa5 22. Bxh6 Qe5 23. Bg5 Bc5 24. Kg2 Qd5+ 25. Rf3 Qe6 26. Qxe6 Kxh7 27. Rh1# 1-0

[Event "Titled Tuesday intern op 26th Dec Early"]
[Site "Chess.com INT"]
[Date "2023.12.26"]
[Round "2"]
[White "Sarkar, Justin"]
[Black "Manukyan, Sargis V"]
[Result "0-1"]
[WhiteElo "2272"]
[BlackElo "2253"]
[PlyCount "70"]
[EventDate "2023.12.26"]
[EventType "swiss (blitz)"]
[EventRounds "11"]
[EventCountry "USA"]
[SourceTitle "EXT 2025"]
[Source "ChessBase"]
[SourceDate "2024.10.14"]
[SourceVersion "1"]
[SourceVersionDate "2024.10.14"]
[SourceQuality "1"]

1. e4 e6 2. d4 d5 3. Nc3 Bb4 4. Bd3 dxe4 5. Bxe4 Nf6 6. Bf3 c5 7. Nge2 Nc6 8. Be3 cxd4 9. Nxd4 Bxc3+ 10. bxc3 Bd7 11. Nxc6 Bxc6 12. Bxc6+ bxc6 13. Qxd8+ Kxd8 14. Ke2 e5 15. Rhd1+ Kc7 16. c4 Ne4 17. Rd3 Nd6 18. Rad1 Rhd8 19. Bc5 Nxc4 20. Rxd8 Rxd8 21. Rxd8 Kxd8 22. Bxa7 Kc7 23. Kd3 Nd6 24. Bc5 Nb7 25. Bf8 g6 26. Ke4 f6 27. Be7 Nd6+ 28. Bxd6+ Kxd6 29. g4 Ke6 30. a4 f5+ 31. gxf5+ gxf5+ 32. Kd3 Kd5 33. f3 Kc5 34. c3 Kb6 35. Kc4 Ka5 0-1

[Event "Titled Tuesday intern op 19th Dec Early"]
[Site "Chess.com INT"]
[Date "2023.12.19"]
[Round "2"]
[White "Manukyan, Sargis V"]
[Black "Ratnesan, Ranesh"]
[Result "1-0"]
[WhiteElo "2253"]
[BlackElo "2138"]
[PlyCount "49"]
[EventDate "2023.12.19"]
[EventType "swiss (blitz)"]
[EventRounds "11"]
[EventCountry "USA"]
[SourceTitle "CBM 217 Extra"]
[Source "ChessBase"]
[SourceDate "2024.01.31"]
[SourceVersion "1"]
[SourceVersionDate "2024.01.31"]
[SourceQuality "1"]

1. Nf3 d5 2. c4 e6 3. d4 Nf6 4. g3 c5 5. Bg2 Nc6 6. cxd5 exd5 7. 0-0 Be7 8. Nc3 0-0 9. dxc5 Bxc5 10. Na4 Be7 11. Be3 Qa5 12. a3 Bf5 13. b4 Qb5 14. Rc1 Rfd8 15. Nc3 Qc4 16. Nd4 Nxd4 17. Bxd4 Qa6 18. Qb3 Be4 19. Bxf6 Bxf6 20. Nxe4 dxe4 21. Bxe4 Qxe2 22. Bxb7 Rab8 23. Bd5 Qe7 24. Rfe1 Qd6 25. Bxf7+ 1-0

[Event "Titled Tuesday intern op 21st Nov Early"]
[Site "Chess.com INT"]
[Date "2023.11.21"]
[Round "1"]
[White "Manukyan, Sargis V"]
[Black "Eljanov, Pavel"]
[Result "0-1"]
[WhiteElo "2253"]
[BlackElo "2697"]
[PlyCount "66"]
[EventDate "2023.11.21"]
[EventType "swiss (blitz)"]
[EventRounds "11"]
[EventCountry "USA"]
[SourceTitle "EXT 2025"]
[Source "ChessBase"]
[SourceDate "2024.10.14"]
[SourceVersion "1"]
[SourceVersionDate "2024.10.14"]
[SourceQuality "1"]

1. d4 d5 2. c4 e6 3. Nc3 Nf6 4. cxd5 exd5 5. Bg5 Be7 6. e3 h6 7. Bh4 Bg4 8. Qc2 0-0 9. Bd3 c5 10. dxc5 d4 11. exd4 Qxd4 12. f3 Bf5 13. Bxf6 Bxd3 14. Bxd4 Bxc2 15. Nge2 Nc6 16. Be3 Rfe8 17. Nd5 Bh4+ 18. g3 Rad8 19. Nec3 Bg5 20. f4 Be4 21. Nxe4 Rxd5 22. Nxg5 Rxe3+ 23. Kf2 Rdd3 24. Nh3 Nd4 25. Rhe1 Rf3+ 26. Kg1 Rd2 27. Rad1 Rfd3 28. Rxd2 Rxd2 29. b4 Nf3+ 30. Kf1 Nxh2+ 31. Kg1 Nf3+ 32. Kf1 Nxe1 33. Kg1 Nf3+ 0-1

[Event "Titled Tuesday intern op 21st Nov Early"]
[Site "Chess.com INT"]
[Date "2023.11.21"]
[Round "7"]
[White "Manukyan, Sargis V"]
[Black "Souleidis, Georgios"]
[Result "0-1"]
[WhiteElo "2253"]
[BlackElo "2414"]
[PlyCount "92"]
[EventDate "2023.11.21"]
[EventType "swiss (blitz)"]
[EventRounds "11"]
[EventCountry "USA"]
[SourceTitle "EXT 2025"]
[Source "ChessBase"]
[SourceDate "2024.10.14"]
[SourceVersion "1"]
[SourceVersionDate "2024.10.14"]
[SourceQuality "1"]

1. d4 Nf6 2. c4 g6 3. Nc3 Bg7 4. e4 d6 5. Nf3 0-0 6. Be2 e5 7. 0-0 Bg4 8. Be3 Bxf3 9. Bxf3 exd4 10. Bxd4 Nc6 11. Be3 Re8 12. Qb3 Ne5 13. Be2 b6 14. h3 Ned7 15. Rad1 Nc5 16. Bxc5 bxc5 17. Qc2 Rb8 18. b3 Qe7 19. Bd3 Qe5 20. f4 Qe7 21. Rde1 Nd7 22. Nd5 Qd8 23. e5 dxe5 24. f5 Nb6 25. Be4 c6 26. fxg6 hxg6 27. Bxg6 fxg6 28. Qxg6 Rf8 29. Qe6+ Kh7 30. Ne7 Qd4+ 31. Kh1 Qh4 32. Ng6 Qh6 33. Nxf8+ Rxf8 34. Qe7 Rxf1+ 35. Rxf1 e4 36. Rf7 e3 37. Qe4+ Kh8 38. Re7 a5 39. Re8+ Bf8 40. Qe5+ Kg8 41. Qe4 Qg5 42. Qe6+ Kg7 43. Qe4 Nd7 44. Rc8 Nf6 45. Qe6 Qg6 46. Qxc6 e2 0-1

[Event "Titled Tuesday intern op 14th Nov Early"]
[Site "Chess.com INT"]
[Date "2023.11.14"]
[Round "4"]
[White "Quirke, Jeffrey"]
[Black "Manukyan, Sargis V"]
[Result "0-1"]
[WhiteElo "1986"]
[BlackElo "2253"]
[PlyCount "50"]
[EventDate "2023.11.14"]
[EventType "swiss (blitz)"]
[EventRounds "11"]
[EventCountry "USA"]
[SourceTitle "CBM 217 Extra"]
[Source "ChessBase"]
[SourceDate "2024.01.31"]
[SourceVersion "1"]
[SourceVersionDate "2024.01.31"]
[SourceQuality "1"]

1. e4 e6 2. Nf3 d5 3. e5 c5 4. b4 cxb4 5. d4 Nc6 6. a3 bxa3 7. c3 Nh6 8. Bd3 Bd7 9. 0-0 f6 10. Nxa3 Nf7 11. exf6 gxf6 12. Re1 a6 13. c4 dxc4 14. Bxc4 Qe7 15. Nb5 0-0-0 16. Bf4 e5 17. Qb3 Qb4 18. Bxf7 Qxb3 19. Bxb3 exf4 20. Nc3 Bb4 21. Rec1 Kb8 22. Ne4 Bg4 23. Nxf6 Bxf3 24. gxf3 Nxd4 25. Kf1 Nxb3 0-1